000 00498nam a22001817a 4500
005 20230403083207.0
008 230403b |||||||| |||| 00| 0 eng d
020 _a978-0-470-99761-1
082 _a658.5 G786 2009
100 _aGreasly, Andrew
_eauthor
245 _aOperations management /
_cAndrew Greasly
250 _a2nd ed.
260 _aEngland:
_bJohn Wiley,
_cc2009.
300 _axxii, 562p.:
_bcol. ill.
504 _aIncludes index
541 _e1894
650 _aProduction management
999 _c2093
_d2093